| 000 | 00443nam a22001697a 4500 | ||
|---|---|---|---|
| 005 | 20251108165316.0 | ||
| 008 | 250721s2007 xx 000 0 ara d | ||
| 082 | 1 | 4 | _a798.2/قيم |
| 100 | 1 | _aالجوزية، ابن قيم | |
| 245 | 1 | 0 | _aكتاب الفروسية / |
| 264 | 1 |
_aالفاهرة : _bالحديث، _c2007. |
|
| 300 | _a328ص. | ||
| 650 | 1 | 7 | _aالفروسيه |
| 650 | 1 | 7 | _aالخيل |
| 942 |
_2ddc _cBK |
||
| 999 |
_c24730 _d24730 |
||